Botswana : Selected Issues and Statistical Appendix.

This Selected Issues paper for Botswana highlights the macroeconomic impact of an effectively implemented National Strategic Framework (NSF) program. The NSF is anchored on the goals of prevention, care, and support; management of the national response; economic impact mitigation; and provision of a...

وصف كامل

التفاصيل البيبلوغرافية
مؤلف مشترك: International Monetary Fund
التنسيق: دورية
اللغة:English
منشور في: Washington, D.C. : International Monetary Fund, 2004.
سلاسل:IMF Staff Country Reports; Country Report ; No. 2004/212
الوصول للمادة أونلاين:Full text available on IMF
LEADER 01598cas a2200241 a 4500
001 AALejournalIMF003128
008 230101c9999 xx r poo 0 0eng d
020 |c 5.00 USD 
020 |z 9781451806380 
022 |a 1934-7685 
040 |a BD-DhAAL  |c BD-DhAAL 
110 2 |a International Monetary Fund. 
245 1 0 |a Botswana :   |b Selected Issues and Statistical Appendix. 
264 1 |a Washington, D.C. :  |b International Monetary Fund,  |c 2004. 
300 |a 1 online resource (103 pages) 
490 1 |a IMF Staff Country Reports 
500 |a <strong>Off-Campus Access:</strong> No User ID or Password Required 
500 |a <strong>On-Campus Access:</strong> No User ID or Password Required 
506 |a Electronic access restricted to authorized BRAC University faculty, staff and students 
520 3 |a This Selected Issues paper for Botswana highlights the macroeconomic impact of an effectively implemented National Strategic Framework (NSF) program. The NSF is anchored on the goals of prevention, care, and support; management of the national response; economic impact mitigation; and provision of a strengthened legal and ethical environment. The treatment of the pandemic focuses on the administration of antiretroviral drugs to the infected, the effect of which would be to prolong their lifespan, as well as increase the average level of productivity. 
538 |a Mode of access: Internet 
830 0 |a IMF Staff Country Reports; Country Report ;  |v No. 2004/212 
856 4 0 |z Full text available on IMF  |u http://elibrary.imf.org/view/journals/002/2004/212/002.2004.issue-212-en.xml  |z IMF e-Library